[Event "Anti Cheating Blitz Cup"]
[Site "Chess.com INT"]
[Date "2020.05.20"]
[Round "5"]
[White "Iannello, Antonio"]
[Black "Masera, Lorenzo"]
[Result "1-0"]
[WhiteElo "1885"]
[BlackElo "1761"]
[PlyCount "201"]
[EventDate "2020.05.20"]
[EventType "swiss (blitz)"]
[EventRounds "11"]
[EventCountry "USA"]
[SourceTitle "CBM 196 Extra"]
[Source "ChessBase"]
[SourceDate "2020.07.31"]
[SourceVersion "1"]
[SourceVersionDate "2020.07.31"]
[SourceQuality "1"]

1. e4 d5 2. exd5 Qxd5 3. Nc3 Qa5 4. d4 Nf6 5. Bc4 Bg4 6. f3 Bf5 7. Nge2 e6 8. Bd2 c6 9. Ng3 Bg6 10. Nce4 Qd8 11. Nxf6+ Qxf6 12. Bc3 Qd8 13. Qe2 Bd6 14. Ne4 Qc7 15. h4 Bg3+ 16. Nxg3 Qxg3+ 17. Qf2 Qxf2+ 18. Kxf2 Bxc2 19. Rac1 Ba4 20. b3 Bb5 21. Bxb5 cxb5 22. d5 0-0 23. dxe6 fxe6 24. Rhe1 Re8 25. Re4 Nc6 26. Rce1 Kf7 27. Rg4 g6 28. Rf4+ Ke7 29. Bf6+ Kd7 30. Rd1+ Kc7 31. Re4 Rac8 32. Bg5 a6 33. Bf4+ e5 34. Bg5 Re6 35. Rd5 Rce8 36. Be3 Rd6 37. Rc5 Kd7 38. Rc2 Rde6 39. Rd2+ Kc7 40. Bc5 b6 41. Be3 a5 42. Bg5 Rd6 43. Rc2 Rde6 44. a3 Kb7 45. Rd2 Nd4 46. Be3 Nxb3 47. Rd7+ Kc6 48. Rxh7 R6e7 49. Rh6 Re6 50. Rg4 Nc5 51. Rgxg6 Rxg6 52. Rxg6+ Kd5 53. h5 Nd3+ 54. Ke2 Nf4+ 55. Bxf4 exf4+ 56. Kd3 Kc5 57. Rg5+ Kc6 58. h6 Rd8+ 59. Kc3 Rd6 60. Rh5 Rd8 61. h7 Rh8 62. Rh3 Kc5 63. Rh5+ Kc6 64. Kd4 Kd6 65. Ke4 b4 66. axb4 a4 67. Kd4 Kc6 68. Kc3 b5 69. Kb2 Kb6 70. Rh6+ Kb7 71. Ka3 Kc7 72. Rh5 Kb6 73. Rf5 Rxh7 74. Rxf4 Rg7 75. g4 Re7 76. Rf6+ Kb7 77. g5 Re3+ 78. Ka2 Re2+ 79. Kb1 Re3 80. g6 Rb3+ 81. Ka2 Re3 82. g7 Re2+ 83. Kb1 Rg2 84. Rf7+ Kc6 85. f4 Kd5 86. f5 Kc4 87. f6 Kxb4 88. Rf8 Kb3 89. Kc1 a3 90. g8Q+ Rxg8 91. Rxg8 a2 92. Ra8 b4 93. f7 Kc3 94. f8Q b3 95. Qc5+ Kd3 96. Rd8+ Ke4 97. Qe7+ Kf5 98. Rf8+ Kg6 99. Qe2 Kg5 100. Rf1 a1Q+ 101. Kd2 1-0

[Event "Anti Cheating Blitz Cup"]
[Site "Chess.com INT"]
[Date "2020.05.20"]
[Round "3"]
[White "Nazzaro, Gianmarco"]
[Black "Masera, Lorenzo"]
[Result "0-1"]
[WhiteElo "1416"]
[BlackElo "1761"]
[PlyCount "112"]
[EventDate "2020.05.20"]
[EventType "swiss (blitz)"]
[EventRounds "11"]
[EventCountry "USA"]
[SourceTitle "CBM 196 Extra"]
[Source "ChessBase"]
[SourceDate "2020.07.31"]
[SourceVersion "1"]
[SourceVersionDate "2020.07.31"]
[SourceQuality "1"]

1. e4 d5 2. exd5 Qxd5 3. Nc3 Qa5 4. d4 Nf6 5. Nf3 Bg4 6. Bd2 c6 7. Be2 e6 8. 0-0 Qc7 9. Be3 Bd6 10. h3 Bh5 11. Qd2 Nbd7 12. Ne1 Bxe2 13. Qxe2 0-0 14. Nd3 Nb6 15. Rad1 Nbd5 16. Nxd5 Nxd5 17. c4 Nf4 18. Nxf4 Bxf4 19. b4 Bxe3 20. fxe3 Rad8 21. Rc1 Rd7 22. b5 cxb5 23. cxb5 Qb6 24. a4 Rfd8 25. Rc5 e5 26. Qc4 exd4 27. exd4 Qg6 28. Rd1 h6 29. Rc8 Qd6 30. Rxd8+ Rxd8 31. Kh1 b6 32. Rf1 Qd5 33. Qxd5 Rxd5 34. Rd1 Kf8 35. Kg1 Ke7 36. Kf2 Kf6 37. Ke3 Ke6 38. g4 f5 39. gxf5+ Rxf5 40. Ke4 Rh5 41. d5+ Kd6 42. Rd3 Rh4+ 43. Ke3 Rxh3+ 44. Ke4 Rxd3 45. Kxd3 Kxd5 46. Kc3 g5 47. Kd3 h5 48. Ke3 Kc5 49. Kf3 Kb4 50. Ke4 Kxa4 51. Kf5 g4 52. Kg5 Kxb5 53. Kxh5 g3 54. Kg4 g2 55. Kg3 g1Q+ 56. Kh3 Kc5 0-1

[Event "Anti Cheating Blitz Cup"]
[Site "Chess.com INT"]
[Date "2020.05.20"]
[Round "2"]
[White "Reinhard Pinto, Dietmar"]
[Black "Masera, Lorenzo"]
[Result "1-0"]
[WhiteElo "1773"]
[BlackElo "1761"]
[PlyCount "113"]
[EventDate "2020.05.20"]
[EventType "swiss (blitz)"]
[EventRounds "11"]
[EventCountry "USA"]
[SourceTitle "CBM 196 Extra"]
[Source "ChessBase"]
[SourceDate "2020.07.31"]
[SourceVersion "1"]
[SourceVersionDate "2020.07.31"]
[SourceQuality "1"]

1. e4 d5 2. exd5 Qxd5 3. Nc3 Qa5 4. d4 Nf6 5. Nf3 Bg4 6. Bd2 c6 7. Ne4 Qc7 8. Nxf6+ exf6 9. h3 Bh5 10. Qe2+ Qe7 11. 0-0-0 Qxe2 12. Bxe2 Nd7 13. Ba5 Nb6 14. Rhe1 0-0-0 15. Bxb6 axb6 16. g4 Bg6 17. Bd3 Bxd3 18. Rxd3 Bd6 19. Kb1 Rde8 20. Rde3 Kd7 21. Rxe8 Rxe8 22. Rxe8 Kxe8 23. c3 Kd7 24. Kc2 h6 25. Kd3 Ke6 26. Ke4 Bb8 27. Nd2 b5 28. f4 Bc7 29. f5+ Kd6 30. Nb3 Bb6 31. Nc1 Bc7 32. Nd3 Bb6 33. b3 Ba7 34. c4 bxc4 35. bxc4 b5 36. c5+ Kd7 37. Nb4 Bb8 38. d5 cxd5+ 39. Kxd5 Bh2 40. h4 g6 41. c6+ Kc7 42. h5 gxh5 43. gxh5 Bg3 44. Kc5 Bd6+ 45. Kxb5 Bxb4 46. Kxb4 Kxc6 47. Kc4 Kd6 48. Kd4 Kc6 49. a4 Kd6 50. a5 Kc6 51. a6 Kb6 52. Kd5 Kxa6 53. Kd6 Kb6 54. Ke7 Kc6 55. Kxf6 Kd6 56. Kxf7 Ke5 57. Kg6 1-0

[Event "Porto San Giorgio Weekend-B 15th"]
[Site "Porto San Giorgio"]
[Date "2012.11.24"]
[Round "4"]
[White "Borzi, Rosario"]
[Black "Masera, Lorenzo"]
[Result "1-0"]
[WhiteElo "1551"]
[BlackElo "1410"]
[PlyCount "79"]
[EventDate "2012.11.17"]
[EventType "swiss"]
[EventRounds "6"]
[EventCountry "ITA"]
[SourceTitle "EXT 2024"]
[Source "ChessBase"]
[SourceDate "2023.10.10"]
[SourceVersion "1"]
[SourceVersionDate "2023.10.10"]
[SourceQuality "1"]

1. d4 d5 2. Nf3 Bg4 3. e3 Nf6 4. Bd3 e6 5. Nbd2 Bb4 6. 0-0 Bxd2 7. Bxd2 0-0 8. Be2 Nc6 9. Rc1 Bxf3 10. Bxf3 Re8 11. c4 Qd7 12. cxd5 exd5 13. Qb3 Rab8 14. Rfd1 Qe6 15. Qd3 Ne4 16. Be1 Re7 17. Rc2 Ng5 18. Be2 Qe4 19. Qxe4 Nxe4 20. a3 a6 21. Rd3 Ra8 22. Rb3 Ra7 23. f3 Ng5 24. Bh4 h6 25. f4 Na5 26. Rbc3 Ne4 27. Bxe7 Nxc3 28. Rxc3 c6 29. b4 b5 30. Bc5 Rc7 31. bxa5 f6 32. Bb6 Rc8 33. Bg4 Re8 34. Kf2 g6 35. Bd7 Rb8 36. Bxc6 Rc8 37. Bxd5+ Kg7 38. Rxc8 f5 39. Bb7 Kf6 40. Bxa6 1-0